LEADER 00804nam a2200205 i 4500 001 000000163405 003 CaOOAMICUS 005 20070726000000.0 008 070726s1963 it u000 u ita u 013 $a140769 040 $aSeMil$bita 100 1 $aD'Annunzio, Gabriele,$d<1863-1938>.$0(OLS)http://semarc/name/1300 245 10$aMerope. 300 $aXVIII, 270 p., [1] c. di ritr., 20 c. di tav. 700 1 $aPalmieri, Enzo.$0(OLS)http://semarc/name/8242 773 0 $aD'Annunzio, Gabriele <1863-1938>$tLaudi del cielo del mare della terra e degli eroi.$dBologna : Nicola Zanichelli, [194?]$gLibro4$w()18227 850 $aSeMil 852 $aSeMil$W1$xVenegono$y1$m1A III 60$j245938$B114699$CSeMilBibl$Z2$F125505 $81 961 $aRecupero: Altro 996 $6245$aMerope$9(OLS)http://semarc/title/233114 LEADER 00924nam a2200217 i 4500 001 000000172317 003 CaOOAMICUS 005 20230926114817.0 008 080605s1954 it u000 u ita u 040 $aSeMil$bita 100 1 $aLandor, Walter Savage.$0(OLS)http://semarc/name/64070 240 14$aThe Pentameron.$0(OLS)http://semarc/title/246732 245 10$aPentameron /$cWalter Savage Landor ; A cura di Decio Pettoello. 260 $aTorino :$bUnione Tipografico-Editrice Torinese,$c1954. 300 $a211 p., [1] carta di tav. :$britr. ;$c19 cm 700 1 $aPettoello, Decio,$d<1886-1984>.$0(OLS)http://semarc/name/8835 850 $aSeMil 852 $aSeMil$W1$xVenegono$y1$m1W III 5$j123179$B123179$CSeMilBibl$Z2$F134428 $81 996 $6245$aPentameron$9(OLS)http://semarc/title/246731 996 $6260$aTorino :$bUnione Tipografico-Editrice Torinese$9(OLS)http://semarc/publisher/29628